Normal view MARC view

Entry Corporate Name

Number of records used in: 1

001 - CONTROL NUMBER

  • control field: 65811

003 - CONTROL NUMBER IDENTIFIER

  • control field: OSt

005 - DATE AND TIME OF LATEST TRANSACTION

  • control field: 20260128093004.0

008 - FIXED-LENGTH DATA ELEMENTS

  • fixed length control field: 260128|| aca||aabn | a|a d

040 ## - CATALOGING SOURCE

  • Original cataloging agency: OSt
  • Transcribing agency: OSt

110 ## - HEADING--CORPORATE NAME

  • Corporate name or jurisdiction name as entry element: ၸဝ်ႈသြႃႇၵဝိၼ်ႇတ ပိၼ်ႇတႅမ်ႈ-

670 ## - SOURCE DATA FOUND

  • Source citation: Work cat.: (OSt)6338: သမၢသ်ႈ၊တတ်ထိတ်၊ၸႃႇတၵ၊ၶေႃႈထၢမ်တွပ်ႇပွႆးပီၵွၼ်းၶမ်းဢၽိထၢၼ်ႇ, 2009

Library - 09407999929
Admin Office - 09407999979
Dean Office - 09250910768
Registrar Office - 09892297154
Email - [email protected]
Shan State Buddhist University, Phaya Phyu Taunggyi, Shan State, Myanmar.